000 01422cam a2200289 i 4500
003 SA-RiAUC
005 20251105130842.0
008 251103q19001999||| g 000r0 ara c
040 _aSA-MaMIU
_bara
_cSA-RiAUC
_erda
082 0 4 _a243
090 _a243
_bم ل ا
100 1 _aالملا، أبو بكر بن محمد بن عمر،
_d1198-1270 هجري
_eمؤلف.
245 1 0 _aحادي الأنام إلى دار السلام /
_cتأليف أبي بكر بن محمد الملا الحنفي. ويليه وظائف العشر الأخيرة من رمضان / علي الناصر أبو وادي. ودعاء ختم القرآن / عبد الله الخلف.
264 1 _a[مكان النشر غير محدد] :
_b[الناشر غير محدد]،
_c[بين 1900 و1999]
300 _a208 صفحة ؛
_c24 × 16 سم
336 _aنص
_btxt
_2rdacontent
_3كتاب
337 _aبدون وسيط
_bn
_2rdamedia
338 _aمجلد
_bnc
_2rdacarrier
650 7 _aالسمعيات
_2aucsh
650 7 _aيوم القيامة
_2aucsh
700 1 2 _aالعنزي، علي بن ناصر أبو وادي،
_d1273-1361 هجري
_tوظائف العشر الأخيرة من رمضان.
700 1 2 _aالخلف، عبد الله
740 0 2 _aوظائف العشر الأخيرة من رمضان.
740 0 2 _aدعاء ختم القرآن.
942 _2ddc
_cBOOK
_n0
949 _aSA-JeALM
_d251103
_umohamedma123
_n1
999 _c13022
_d13022